| 000 | 01167nam a2200337 i 4500 | ||
|---|---|---|---|
| 001 | 5984 | ||
| 003 | KOSZ 005 | ||
| 005 | 20220407092054.0 | ||
| 008 | 970513s1992 pl a f |000 0 pol | ||
| 015 | _aPB 1992/9935 | ||
| 020 | _a832041511X | ||
| 035 | _a(OCoLC)830059741 | ||
| 040 |
_aWA N _cWA N _dKOSZ 005/EG _dKOSZ 005/HR |
||
| 041 | _apol | ||
| 046 | _k1992 | ||
| 080 | _a51 | ||
| 080 | _a(076) | ||
| 100 | 1 |
_aGdowski, Bogusław _d(1931-2009) _eAutor |
|
| 245 | 1 | 0 |
_aZbiór zadań z matematyki : _bdla kandydatów na wyższe uczelnie / _cBogusław Gdowski, Edmund Pluciński. |
| 250 | _aWyd. 11. | ||
| 260 |
_aWarszawa : _bWydawnictwa Naukowo-Techniczne, _c1992. |
||
| 300 |
_a559, [1] s. : _brys., wykr. ; _c21 cm. |
||
| 380 | _aKsiążki. | ||
| 521 | _aDla kandydatów na wyższe uczelnie. | ||
| 650 | 4 | _aMatematyka | |
| 655 | 4 | _aĆwiczenia i zadania dla szkół średnich. | |
| 700 | 1 |
_aPluciński, Edmund _d(1929-2014) _eAutor |
|
| 710 | 2 |
_aWydawnictwa Naukowo-Techniczne _4pbl. |
|
| 856 |
_uhttp://koha.tu.koszalin.pl/cgi-bin/koha/opac-detail.pl?biblionumber=5984 _yKatalog online BPK |
||
| 942 |
_2UKD _cKS |
||
| 999 |
_c5984 _d5984 |
||